00248nam a2200097Ia 4500082001300000245003000013100004000043942000700083008004100090999001900131 aAKF ANDE 0aDie keiser se nuwe klere  a ANDERSEN, Hans Christian 9105953 cBK210825s9999 xx 000 0 und d c545301d545300